Canteranos del FC Barcelona - Estadísticas

Estadísticas generales
  • Esta prueba ha sido intentada 270 veces
  • La puntuación promedio es 8 de 15
Answers on the Grid
Answers color-coded by a green-red scale on the quiz's grid according to % correct below.
Lionel Messi
Lamine Yamil
Andrés Iniesta
Luka Modric
Pedri
Gavi
Dani Olmo
Marcus Rashford
Marc Bartra
Marc Cucurella
Xavi Simons
Cesc Fabregas
Héctor Bellerín
Oriol Romeu
Pepe Reina
Ferrán Torres
Marco Verratti
Isco
Mikel Oyarzabal
David Silva
Santi Cazorla
Juan Mata
Luis Enrique
Joan García
Adama Traoré
Jordi Alba
Cristian Tello
Thiago Motta
Fabián Ruiz
Aleix García
 
Estadísticas de respuestas
Respuesta % Correcto
Lionel Messi
74%
Gavi
69%
Lamine Yamil
66%
Andrés Iniesta
63%
Dani Olmo
63%
Xavi Simons
63%
Marc Cucurella
61%
Cesc Fabregas
56%
Adama Traoré
54%
Marc Bartra
54%
Jordi Alba
51%
Oriol Romeu
49%
Héctor Bellerín
44%
Cristian Tello
42%
Pepe Reina
39%
No se encontraron pruebas coincidentes
Distribución de puntuación
Porcentaje de gente con cada puntuación
Porcentaje por número respondido
Historial de tus puntuaciones
No has intentado esta prueba.